书目信息 |
| 题名: |
走进课堂
|
|
| 作者: | 陈启新 , 王云生 主编 | |
| 分册: | 高中化学(必修)新课程案例与评析 | |
| 出版信息: | 北京 高等教育出版社 2005 |
|
| 页数: | 229页 | |
| 开本: | 23cm | |
| 丛书名: | 高中新课程教师教育系列教材 | |
| 单 册: | ||
| 中图分类: | G633.82 | |
| 科图分类: | ||
| 主题词: | 化学课--教案(教育)--高中 | |
| 电子资源: | ||
| ISBN: | 7-04-015996-1 | |
| 000 | 01035oam2 2200289 45 | |
| 001 | 110000007927 | |
| 005 | 20051213152853.57 | |
| 010 | @a7-04-015996-1@dCNY17.60 | |
| 092 | @aCN | |
| 100 | @a20050430d2005 ekmy0chiy0120 ea | |
| 101 | 0 | @achi |
| 102 | @aCN@b110000 | |
| 105 | @ay z 000yy | |
| 200 | 1 | @a走进课堂@9zou jin ke tang@i高中化学(必修)新课程案例与评析@f陈启新,王云生主编@Fchen qi xin,wang yun sheng zhu bian |
| 210 | @a北京@c高等教育出版社@d2005 | |
| 215 | @a229页@d23cm | |
| 225 | 2 | @a高中新课程教师教育系列教材 |
| 330 | @a本书依次编写了26教学设计案例,每个教学案例包括教学背景分析、教学设计方案、案例评析等内容。 | |
| 461 | 0 | @12001 @a高中新课程教师教育系列教材 |
| 517 | 1 | @a高中化学(必修)新课程案例与评析@9gao zhong hua xue ( bi xiu ) xin ke cheng an li yu ping xi |
| 606 | 0 | @a化学课@x教案(教育)@x高中 |
| 690 | @aG633.82@v4 | |
| 701 | 0 | @a陈启新@Achen qi xin@4主编 |
| 701 | 0 | @a王云生@Awang yun sheng@4主编 |
| 801 | 0 | @aCN@bCXYBOOK@c20051213 |
| 905 | @a10447@dG633.82@e161 | |
| 999 | @aHSJ@eGLX | |
| 走进课堂.高中化学(必修)新课程案例与评析/陈启新,王云生主编.-北京:高等教育出版社,2005 |
| 229页;23cm.-(高中新课程教师教育系列教材) |
| ISBN 7-04-015996-1:CNY17.60 |
| 本书依次编写了26教学设计案例,每个教学案例包括教学背景分析、教学设计方案、案例评析等内容。 |
| ● |
| 相关链接 |
|
|
|
|
正题名:走进课堂
索取号:G633.82/161
 
预约/预借
| 序号 | 登录号 | 条形码 | 馆藏地/架位号 | 状态 | 备注 |
| 1 | 0371377 | 203713776 | 第一样本阅览室/ [索取号:G633.82/161] | 在馆 | |
| 2 | 0371378 | 203713785 | 第四借阅区/ [索取号:G633.82/161] | 在馆 | |
| 3 | 0371379 | 203713794 | 第四借阅区/ [索取号:G633.82/161] | 在馆 | |
| 4 | 0371380 | 203713801 | 第四借阅区/ [索取号:G633.82/161] | 在馆 | |
| 5 | 0371381 | 203713810 | 第四借阅区/ [索取号:G633.82/161] | 在馆 |